000 00351 a2200157 4500
001 45547
020 _a
040 _cAnchieta - Aquarius
100 _aBaqueiro, Camila B.
240 1 0 _aMauro e o pé de pitanga
_lpor
245 1 0 _aMauro e o pé de pitanga
300 _a
362 0 _a2009
650 4 _aLiteratura infanto-juvenil
942 _cBK
999 _c45547
_d45547